000 00574nam a2200205Ia 4500
008 140110s9999 xx 000 0 und d
020 _a978051837767
_cGBP 40
040 _aLoreto College
041 _aEnglish
082 _a909/OUT
_bLCLIB/48699
100 _aOutram, Dorinda
245 4 _aThe Enlightenment
_cDorinda Outram
250 _a2nd ed
260 _aCambridge
_bUniversity of Cambridge
_c2005
300 _axiii,165p
_c25 cm
504 _aIncludes bibliographical references and index
650 _aEnlightenment
850 _aLCLIB/909/OUT
942 _cBK
999 _c37681
_d88160